[Event "Veneto-ch qf 63rd"]
[Site "Arqua Petrarca"]
[Date "2003.05.11"]
[Round "6.24"]
[White "Angelini, Francesco"]
[Black "Vaglio, Alessandro"]
[Result "0-1"]
[WhiteElo "1630"]
[BlackElo "1539"]
[PlyCount "46"]
[EventDate "2003.05.03"]
[EventType "swiss"]
[EventRounds "6"]
[EventCountry "ITA"]
[SourceTitle "EXT 2024"]
[Source "ChessBase"]
[SourceDate "2023.10.10"]
[SourceVersion "1"]
[SourceVersionDate "2023.10.10"]
[SourceQuality "1"]

1. e4 c6 2. d4 d5 3. e5 Qb6 4. Nc3 Bf5 5. g4 Bg6 6. f4 e6 7. Nf3 c5 8. Bb5+ Nc6 9. f5 exf5 10. Nxd5 Qd8 11. Nf4 Qa5+ 12. Bd2 Qxb5 13. Nxg6 hxg6 14. gxf5 cxd4 15. Nxd4 Nxd4 16. fxg6 Qxe5+ 17. Kf2 Qf5+ 18. Kg2 0-0-0 19. gxf7 Qxf7 20. Qg4+ Kb8 21. Rhf1 Qd5+ 22. Kg1 Nf6 23. Qg3+ Bd6 0-1

[Event "Padova op-A 5th"]
[Site "Padova"]
[Date "2002.12.14"]
[Round "1.12"]
[White "Angelini, Francesco"]
[Black "Danieli, Enrico"]
[Result "1-0"]
[WhiteElo "1600"]
[BlackElo "2044"]
[PlyCount "83"]
[EventDate "2002.12.14"]
[EventType "swiss"]
[EventRounds "6"]
[EventCountry "ITA"]
[SourceTitle "EXT 2023"]
[Source "ChessBase"]
[SourceDate "2022.10.05"]
[SourceVersion "1"]
[SourceVersionDate "2022.10.05"]
[SourceQuality "1"]

1. e4 c6 2. d4 d5 3. e5 c5 4. c3 Nc6 5. Nf3 Bg4 6. Be2 e6 7. 0-0 Bxf3 8. Bxf3 cxd4 9. cxd4 Qb6 10. Nc3 Qxd4 11. Be3 Qxd1 12. Raxd1 Nxe5 13. Bxd5 exd5 14. Nxd5 Bd6 15. Rfe1 Ne7 16. Bc5 Nxd5 17. Bxd6 0-0-0 18. Bxe5 f6 19. Rc1+ Kd7 20. Rc5 fxe5 21. Rxd5+ Kc6 22. Rdxe5 Rd2 23. R5e2 Rhd8 24. Kf1 a5 25. Rc1+ Kb6 26. Ke1 Rxe2+ 27. Kxe2 Re8+ 28. Kf3 Rf8+ 29. Kg3 Rd8 30. Rc2 Rd7 31. f4 a4 32. Kg4 Ka5 33. Kf5 Rf7+ 34. Ke5 b5 35. a3 g6 36. g3 Rf5+ 37. Ke6 b4 38. Rd2 Rc5 39. Rd5 Kb5 40. Kd6 Rxd5+ 41. Kxd5 b3 42. g4 1-0

[Event "Veneto-ch qf 62nd"]
[Site "Arqua Petrarca"]
[Date "2002.05.11"]
[Round "4.23"]
[White "Quaranta, Gaetano"]
[Black "Angelini, Francesco"]
[Result "0-1"]
[WhiteElo "1588"]
[BlackElo "1300"]
[PlyCount "114"]
[EventDate "2002.05.04"]
[EventType "swiss"]
[EventRounds "6"]
[EventCountry "ITA"]
[SourceTitle "EXT 2024"]
[Source "ChessBase"]
[SourceDate "2023.10.10"]
[SourceVersion "1"]
[SourceVersionDate "2023.10.10"]
[SourceQuality "1"]

1. e4 e6 2. d4 d5 3. e5 c5 4. c3 Nc6 5. Nf3 Qb6 6. Be2 Bd7 7. 0-0 Nge7 8. dxc5 Qc7 9. Bf4 Ng6 10. Bg3 Bxc5 11. b4 Be7 12. Bb5 a6 13. Bxc6 Bxc6 14. Nbd2 b5 15. Nd4 Bb7 16. Rc1 0-0 17. N2f3 Qb6 18. Qe2 Rac8 19. Rfe1 Rc4 20. Rc2 Rfc8 21. Rec1 h6 22. a3 Nf8 23. Qe3 Qd8 24. Nd2 R4c7 25. f4 Bh4 26. Qf2 Be7 27. f5 Bg5 28. f6 gxf6 29. exf6 Rd7 30. Be5 Ng6 31. N4f3 Bxf6 32. Bxf6 Qxf6 33. Qg3 Qf4 34. Qf2 Ne5 35. Nxe5 Qxe5 36. Nf3 Qg7 37. Qe3 Rc4 38. Qa7 Rdc7 39. h3 d4 40. Ne1 Be4 41. Qxa6 Bxc2 42. Rxc2 Rxc3 43. Rxc3 dxc3 44. Qxb5 Qd4+ 45. Kh2 Qf4+ 46. Kh1 c2 47. Qb8+ Kg7 48. Nxc2 Qc1+ 49. Kh2 Qxc2 50. b5 Qc5 51. Qd8 Qe5+ 52. Kg1 Rc1+ 53. Kf2 Qe1+ 54. Kf3 Rc3+ 55. Kf4 Qe3+ 56. Kg4 Qg3+ 57. Kh5 Rc5+ 0-1